00696nam a2200157 i 450000100060000000300090000600500170001500700030003200800410003510000440007624501950012026000710031530000200038665000480040685200840045428650ES-MaACL20251017063043.0t|030117s1894 sp ||||1| fre d1 aAzúa y Suárez, Juan de, d1858-192210aResultats thérapeutiques et hygiéniques de l'hospitalisation interne et extérne des malades atteints d'affections cutanées vénériennes et syphilitiques / cpar le docteur Azúa. aMadrid : b[s.n.], c1894 (fEst. tip. de Ulpiano Gómez Pérez) a7 p. ; c23 cm. 7aEnfermedades de transmisión sexual2embne aES-MaACLjT-856-F-10 z.- Enc. en un vol. facticio conservando la enc. original